Представление документа в формате MARC21

ПолеНазваниеЗначение
  Тип записи a
  Библиографический уровень m
001 Контрольный номер RU\infra-m\znanium\bibl\2177672
005 Дата корректировки 20260429142407.1
008 Кодируемые данные 251110s2025 RU g rus u
020 Индекс ISBN __
a ISBN 978-5-00156-343-3
020 Индекс ISBN __
a ISBN 978-5-16-112059-0 (электр. издание)
020 Индекс ISBN __
a ISBN 978-5-16-019409-7 (ISBN соиздателя)
040 Источник каталогиз. __
a Служба первич. каталог. Общество с ограниченной ответственностью «ЗНАНИУМ»
041 Код языка издания __
a Код языка текста rus
044 Код страны публикации __
a Код страны публикации RU
080 Индекс УДК __
a Индекс УДК 343.1(470+571)
084 Индекс другой классификации/Индекс ББК __
2 Источник индекса rubbk
a Индекс другой классификации/Индекс ББК 67.410.2(2Рос)
084 Индекс другой классификации/Индекс ББК __
2 Источник индекса okso
a Индекс другой классификации/Индекс ББК 40.02.04
084 Индекс другой классификации/Индекс ББК __
2 Источник индекса okso
a Индекс другой классификации/Индекс ББК 40.03.01
084 Индекс другой классификации/Индекс ББК __
2 Источник индекса okso
a Индекс другой классификации/Индекс ББК 40.04.01
084 Индекс другой классификации/Индекс ББК __
2 Источник индекса okso
a Индекс другой классификации/Индекс ББК 40.05.02
100 Автор __
a Автор Лупинская П. А.
q Полное имя Лупинская Полина Абрамовна
u Дополнение Московский государственный юридический университет им. О.Е. Кутафина
245 Заглавие __
a Заглавие Уголовно-процессуальное право Российской Федерации
b Продолж. заглавия Учебник; Учебник
c Ответственность Московский государственный юридический университет им. О.Е. Кутафина
250 Сведения об издании __
g перераб. и доп.
a Основные сведения об издании 5
260 Выходные данные __
a Место издания Москва
b Издательство ООО "Юридическое издательство Норма"
c Дата издания 2026
300 Физическое описание __
a Объем 1072 с.
520 Аннотация __
a Аннотация В учебнике подготовленном коллективом кафедры уголовно-процессуального права Московского государственного юридического университета им. О.Е. Кутафина (МГЮА) освещены все темы учебной дисциплины "Уголовно-процессуальное право" в соответствии с требованиями государственного образовательного стандарта высшего профессионального образования. Раскрыты назначение и концептуальные принципы уголовного судопроизводства рассмотрены вопросы реализации этих принципов на различных стадиях производства по делу. Учтены достижения правовой науки. Широко использована практика Конституционного Суда РФ Верховного Суда РФ и Европейского Суда по правам человека. Для студентов аспирантов и преподавателей юридических вузов а также для сотрудников правоприменительных органов судей адвокатов.
521 Примеч. о цел. назн. __
a Примеч. о целев. назн. ВО - Бакалавриат
650 Тематические рубрики __
a Основная рубрика Право. Юридические науки
x Основная подрубрика Уголовно-процессуальное право
655 Указ. предметных рубрик (устаревшее) __
a Жанр/ форма (устаревшее) Учебник
700 Другие авторы __
a Другие авторы Воскобитова Л.А.
q Полное имя Воскобитова Лидия Алексеевна
u Дополнение Московский государственный юридический университет им. О.Е. Кутафина
856 Электронный адрес документа 4_
a Имя сервера/домена znanium.ru
m Помощь ebs_support@infra-m.ru
n Местонахождение сервера НИЦ ИНФРА-М
u URL https://znanium.ru/catalog/document?id=471539
856 Электронный адрес документа 48
a Имя сервера/домена znanium.ru
d Путь /cover/2177
f Электронное имя 2177672.jpg
q Тип электронного формата image/jpeg
u URL https://znanium.ru/cover/2177/2177672.jpg
911 __
u 0030=https://znanium.ru/catalog/document?id=471539